Statistics for Laurel & Hardy movie

Click here to take the quiz!

General Stats

  • This quiz has been taken 59 times
  • The average score is 12 of 23

Answer Stats

Hint Answer % Correct
1937Way Out West
88%
1933Sons of the desert
81%
1931Pardon Us
69%
1938Swiss Miss
69%
1951Atoll K
67%
1934Babes in Toyland
67%
1940A Chump at Oxford
64%
1940Saps at Sea
64%
1938Block-Heads
64%
1932Pack Up Your Troubles
60%
1936Our Relations
57%
1935Bonnie Scotland
50%
1941Great Guns
45%
1936The Bohemian Girl
43%
1939The Flying Deuces
43%
1942A Haunting We Will Go
40%
1943Jitterbugs
40%
1943The Dancing Masters
38%
1943Air Raid Wardens
36%
1945The Bullfighters
36%
1944Nothing But Trouble
33%
1933The Devil's Brother
29%
1944The Big Noise
26%

Score Distribution

Percentile by Number Answered

Percent of People with Each Score

Your Score History

You have not taken this quiz